Witnesses to the struggle : imaging the 1930s California labor movement (Record no. 97617)

MARC details
000 -LEADER
fixed length control field 01067nam a2200265Ia 4500
008 - FIXED-LENGTH DATA ELEMENTS--GENERAL INFORMATION
fixed length control field 191130s1998##################000#0#eng##
020 ## - INTERNATIONAL STANDARD BOOK NUMBER
ISBN 9780874173055
082 ## - DEWEY DECIMAL CLASSIFICATION NUMBER
Classification number 331.89283 LOF
100 ## - MAIN ENTRY--AUTHOR NAME
Personal name Loftis, Anne
245 ## - TITLE STATEMENT
Title Witnesses to the struggle : imaging the 1930s California labor movement
Statement of responsibility, etc Anne Loftis
260 ## - PUBLICATION, DISTRIBUTION, ETC. (IMPRINT)
Place of publication Reno, NV
Name of publisher University of Nevada Press
Year of publication 1998
300 ## - PHYSICAL DESCRIPTION
Number of Pages xii, 239 p. : ill. ; 25 cm
500 ## - GENERAL NOTE
General note Includes bibliographical references (p. [225]-229) and index
650 ## - SUBJECT ADDED ENTRY--TOPICAL TERM
Topical Term Agricultural laborers - California - Public opinion
Topical Term Performing arts - United States - Plots, themes, etc
Topical Term Public opinion - United States
Topical Term Strikes and lockouts - Agricultural laborers - California - History - 20th century - Historiography
Topical Term Strikes and lockouts - Agricultural laborers - Press coverage - United States
Topical Term Strikes and lockouts in literature
991 ## -
-- 141912
Holdings
Withdrawn status Lost status Damaged status Not for loan Home library Current library Shelving location Date acquired Full call number Accession Number Price effective from Koha item type
        Anna Centenary Library Anna Centenary Library 4TH FLOOR, A WING 09.10.2020 331.89283 LOF 422305 09.10.2020 English Books

Find us on the map